[Event "TAO 37"]
[Site "?"]
[Date "2008.06.07"]
[Round "2"]
[White "Williams, Larry"]
[Black "McNeill, Jonathon"]
[Result "0-1"]
[WhiteElo "1750"]
[BlackElo "1850"]
[Annotator "Fritz 11 (60s)"]
[PlyCount "100"]
[SourceDate "2006.11.11"]
[TimeControl "180"]

{119MB, Fritz11.ctg, JONATHON-5DE1DD D03: 1 d4 d5 2 Nf3 Nf6 3 Bg5, including
Torre Attack with early ...d5} 1. Nf3 d5 2. d4 Nf6 3. Bg5 Nbd7 4. Nbd2 e6 5. e3
Be7 6. Bd3 h6 7. Bxf6 (7. Bf4 c5 (7... O-O 8. Ne5 Nxe5 9. dxe5 Nh7 10. h4 b6
11. Qh5 f5 12. O-O-O Bd7 13. Rdg1 c5 14. Qf3 c4 15. Be2 c3 16. Nb3 cxb2+ 17.
Kb1 Be8 18. Nd4 Qc8 19. g4 Kh8 20. g5 g6 21. h5 Rg8 22. hxg6 {
Yee,S-Courtney,H (1980)/Wanganui 2007/CBM 116 ext/1-0}) 8. c3 b6 9. Ne5 Nxe5
10. Bxe5 O-O 11. f4 Bb7 12. Qf3 Ne4 13. f5 Qc8 14. Qg4 Bg5 15. f6 Nxf6 16. Qg3
Ne8 17. h4 Bf6 18. Bf4 Kh8 19. O-O Ba6 20. Bxa6 Qxa6 21. e4 cxd4 {
Wesseln,K (2315)-Finegold,B (2445)/Germany 1990/GER-chT/0-1 (57)}) 7... Nxf6 8.
h3 $146 {Consolidates g4} (8. O-O O-O 9. Ne5 c5 10. c3 Bd7 11. f4 Rc8 12. g4
Be8 13. Kh1 Nd7 14. Ndf3 Nxe5 15. Nxe5 g5 16. Bc2 Kg7 17. Qd3 Rh8 18. f5 c4 19.
Qe2 f6 20. Ng6 Bxg6 21. fxg6 Qd6 22. Rae1 Rc7 {
Peralta,E (2285)-Sedeno,A/Moscow 1994/CBM 044 ext/0-1 (43)}) 8... b6 9. c3 {
Consolidates b4} Bb7 10. Ne5 O-O 11. O-O c5 12. b3 Rc8 13. Qe2 (13. Rc1 cxd4
14. exd4 Ne4 15. Bxe4 dxe4 $15) 13... Bd6 (13... cxd4 14. cxd4 Qc7 15. f4 $15)
14. Ndf3 (14. Rac1 Qe7 $11) 14... Bb8 (14... cxd4 15. cxd4 Qc7 16. a3 $15) 15.
g3 (15. Rac1 Ne4 $15) 15... Ne4 $15 {Black threatens to win material: Ne4xc3}
16. Rac1 Qd6 17. Bxe4 dxe4 {Black has new doubled pawns: e4+e6} 18. Nh2 (18.
Nd2 cxd4 19. cxd4 Qd5 $17) 18... Rfd8 $17 19. Rfd1 Qe7 20. Qh5 (20. h4 Bc7 $17)
20... f6 21. Ng6 Qf7 22. Nf4 Qxh5 23. Nxh5 cxd4 24. cxd4 Kf7 25. Ng4 $4 {
the final mistake, not that it matters anymore} (25. g4 $142 $5 $17) 25... Ba6
(25... Rxc1 $142 {might be the shorter path} 26. Rxc1 e5 27. dxe5 fxe5 28.
Nxh6+ gxh6 29. Rc2 $19) 26. Nf4 Bxf4 $4 {forfeits the advantage} (26... Rxc1
$142 {and Black can look forward to a comfortable game} 27. Rxc1 e5 28. dxe5
fxe5 $19) 27. gxf4 $17 h5 {Black threatens to win material: h5xg4} 28. Nh2 g6
29. Nf1 Bxf1 (29... e5 30. fxe5 fxe5 31. Rxc8 Bxc8 32. Ng3 Bxh3 33. Nxe4 $15)
30. Kxf1 $11 {A double rook endgame occured} Ke7 31. f3 exf3 32. Kf2 {
White threatens to win material: Kf2xf3} Kd7 33. Kxf3 Rxc1 34. Rxc1 Rc8 35.
Rxc8 Kxc8 {A pawn endgame occured} 36. Ke4 Kd7 37. d5 Kd6 38. dxe6 Kxe6 39. f5+
$4 {lets it slip away} (39. Kf3 $142 $11 {saving the game}) 39... gxf5+ $19 40.
Kf4 (40. Kf3 {there is nothing better in the position} Ke5 41. h4 $19) 40... h4
41. e4 fxe4 42. Kxe4 f5+ 43. Kf4 Kf6 44. a3 a6 45. Ke3 Ke5 46. Kf3 f4 47. Kf2
Ke4 48. Ke2 (48. Ke1 {is no salvation} f3 49. Kd2 Kd4 50. Kc2 f2 51. b4 f1=Q
52. b5 a5 53. a4 Qc4+ 54. Kb2 Qxa4 55. Kc1 Kc3 56. Kb1 Qc2+ 57. Ka1 Qb2#) 48...
f3+ 49. Kf2 (49. Kd2 {doesn't change the outcome of the game} Kd4 50. Kc2 f2
51. Kd2 f1=Q 52. a4 Qd3+ 53. Kc1 Kc3 54. b4 Qc2#) 49... Kf4 50. b4 (50. Ke1 {
is not the saving move} Ke3 51. Kd1 f2 52. Kc2 f1=Q 53. b4 Qg2+ 54. Kc3 b5 55.
Kb3 Qd2 56. a4 bxa4+ 57. Ka3 Qc2 58. b5 Qb3#) 50... b5 (50... b5 51. a4 bxa4
52. b5 axb5 53. Ke1 Ke3 54. Kf1 a3 55. Kg1 f2+ 56. Kg2 a2 57. Kh2 a1=Q 58. Kg2
Qg1#) 0-1

[Event "TAO 25"]
[Site "?"]
[Date "2007.06.09"]
[Round "?"]
[White "Helfst, Matt"]
[Black "Jodrey, Josh"]
[Result "0-1"]
[WhiteElo "1756"]
[BlackElo "1878"]
[Annotator "Fritz 9 (60s)"]
[PlyCount "92"]
[SourceDate "2006.11.11"]

{D02: 1 d4 d5 2 Nf3 sidelines, including 2...Nf6 3 g3 and 2...Nf6 3 Bf4} 1. d4
c6 2. Nf3 d5 3. e3 Bf5 4. Bd3 Bxd3 5. Qxd3 Nf6 6. O-O Nbd7 7. Nbd2 e6 8. b3 Bd6
(8... Be7 9. Bb2 O-O 10. c4 c5 11. Rfd1 cxd4 12. Qxd4 Nc5 13. Rac1 dxc4 14.
Nxc4 Qxd4 15. Bxd4 Rfc8 16. Bxf6 gxf6 17. Nd4 Rd8 18. Kf1 Rd7 19. Ke2 Rad8 20.
f3 Kf8 21. Nb2 f5 22. Nb5 {
1/2-1/2 Hoi,C (2407)-Brinck Claussen,B (2359)/Copenhagen 2002/CBM 088}) 9. Bb2
O-O 10. c4 Re8 $146 (10... Bb4 11. a3 Bxd2 12. Nxd2 Re8 13. f4 Qe7 14. Rf3 Rac8
15. Rh3 Red8 16. c5 Nf8 17. Rf1 Ng6 18. Kh1 Ng4 19. e4 dxe4 20. Nxe4 Rd5 21.
Qf3 Nf6 22. Nd6 Rd8 23. g4 Qc7 24. g5 Ne8 25. f5 {
Watson,C-Crakanthorp,S/Melbourne 1931/EXT 2003/1/2-1/2 (60)}) 11. Rfd1 e5 12.
dxe5 Nxe5 13. Nxe5 Bxe5 14. Bxe5 Rxe5 15. Nf3 {
White threatens to win material: Nf3xe5} Re8 16. Qf5 Qe7 17. cxd5 Nxd5 18. Rd4
h6 {Prevents intrusion on g5} 19. Rad1 Rad8 20. Qc2 a6 21. Qb2 Nc7 22. Qd2 Ne6
23. Rd3 Rxd3 24. Qxd3 Rd8 {Black threatens to win material: Rd8xd3} 25. Qc2 Rd6
26. Rxd6 Qxd6 27. Qd2 Qxd2 {Black has a mate threat} 28. Nxd2 {
A knight endgame occured} Kf8 29. Kf1 Ke7 30. Ke2 b5 31. Kd3 c5 32. g3 {
Controls f4} Kd6 33. f3 Nc7 34. Ne4+ Kc6 35. Nc3 f5 36. a3 Ne6 37. h4 g5 38.
hxg5 hxg5 39. Ne2 Kd5 40. Nc3+ Kd6 41. Ne2 Nc7 42. Nc3 Nd5 43. Nxd5 Kxd5 {
A pawn endgame occured} 44. Kc3 $4 (44. a4 $142 {is just about the only chance}
Ke5 45. e4 $15) 44... g4 $19 45. fxg4 fxg4 46. Kd3 Ke5 (46... Ke5 47. a4 Kf5
$19) (46... c4+ $142 {seems even better} 47. bxc4+ bxc4+ 48. Kc3 $19) 0-1

[Event "TAO 25"]
[Site "?"]
[Date "2007.06.09"]
[Round "1"]
[White "Jodrey, Joshua"]
[Black "Jones, Craig"]
[Result "0-1"]
[WhiteElo "1878"]
[BlackElo "2297"]
[Annotator "Fritz 9 (60s)"]
[PlyCount "69"]
[SourceDate "2006.11.11"]

{C05: French Tarrasch: 3...Nf6 4 e5 Nfd7, 5 f4 and 5 Bd3 sidelines} 1. e4 e6 2.
d4 d5 3. Nd2 Nf6 4. e5 Nfd7 5. c3 c5 6. f4 Nc6 7. Ngf3 cxd4 8. cxd4 f5 (8... f6
9. Bd3 fxe5 10. fxe5 Nxd4 11. O-O Bc5 12. Nxd4 Bxd4+ 13. Kh1 Nxe5 14. Nf3 Nxf3
15. Qxf3 Bf6 16. Qh5+ Ke7 17. Bg5 h6 18. Bxf6+ gxf6 19. Rae1 Kd6 20. Qh4 Rf8
21. Qb4+ Kc7 22. Rxe6 Bxe6 23. Rc1+ {
Chernyshov,K (2470)-Cech,P (2325)/Litomysl 1996/EXT 98/1-0}) 9. Nb3 (9. Bd3 Be7
10. O-O Nb6 11. Qe2 Bd7 12. Kh1 Nb4 13. Bb1 a6 14. Rg1 Bb5 15. Qe3 Rc8 16. b3
a5 17. a4 Ba6 18. Nf1 g6 19. Bd2 Nd7 20. Ng5 Bxg5 21. fxg5 O-O 22. h4 Nb8 23.
Nh2 Qe7 {
Thorhallsson,G (2250)-Wustefeld,E (2295)/Amsterdam 2002/CBM 089 ext/0-1 (61)})
9... Be7 10. Bd2 $146 (10. Bb5 a5 11. a4 Nb4 12. O-O O-O 13. Bd2 Nb6 14. Ng5
Nc4 15. Qh5 Bxg5 16. fxg5 Nxd2 17. Nxd2 Nc2 18. Rac1 Nxd4 19. h4 Nxb5 20. axb5
Bd7 21. Kh1 Bxb5 22. Rf4 Rc8 23. Rb1 Qb6 24. Qf3 a4 {
Staszewska,A-Szymanska,M (2056)/Polanczyk 2000/CBM 079 ext/0-1 (38)}) 10... O-O
{Black's piece can't move: c8} 11. Bd3 Nb6 12. Rc1 Nb4 (12... Nc4 13. Bxc4 dxc4
14. Rxc4 $11) 13. Bxb4 $16 Bxb4+ 14. Nbd2 {Black has a cramped position} (14.
Kf2 Be7 $16) 14... Bd7 15. O-O {White castles and improves king safety} Na4 {
Black threatens to win material: Na4xb2} 16. Rb1 Qa5 17. Nb3 {
White threatens to win material: Nb3xa5} Qb6 18. Qe2 {
Black's piece can't move: a4} Rfc8 (18... Rac8 19. Rbc1 $14) 19. g4 Be7 (19...
fxg4 $2 {is no good because of} 20. Ng5 h6 21. Qxg4 $18) 20. gxf5 exf5 21. Rfe1
(21. Kh1 a6 $16) 21... Qe6 (21... Qh6 22. Kh1 $14) 22. Ng5 $16 Bxg5 23. fxg5
Rc4 $2 (23... Rf8 24. Qh5 $16) 24. Qg2 (24. Bxc4 dxc4 25. Na5 b5 $18) 24...
Rac8 (24... Rc7 25. Rf1 g6 26. Rf4 $16) 25. Rbc1 (25. Rf1 $142 $5 Rf8 26. Rf4
$18) 25... Rxc1 $14 26. Rxc1 Rxc1+ 27. Nxc1 Qb6 {Black pins: Qb6xd4} 28. Nb3
Be6 {Black's piece can't move: a4} 29. Qc2 g6 30. Kf2 Qc6 31. Nc5 {
White threatens to win material: Nc5xa4} (31. Na5 Qd7 32. Be2 $16) 31... Nb6 $2
(31... Nxc5 $142 $5 {is interesting} 32. Qxc5 Qxc5 33. dxc5 d4 $11) 32. Nxe6 (
32. Qb3 Bf7 $18) 32... Qxe6 33. Qc7 Qc6 (33... Qd7 34. Qb8+ Nc8 35. a4 $16) 34.
Qxc6 (34. Qd8+ $5 Kf7 35. Qh8 Nd7 36. Qxh7+ Ke8 37. Qg8+ Nf8 $18) 34... bxc6
35. Ba6 {Score ends due to time pressure.  Be sure to see our video section
for the exciting conclusion in living color!!} 0-1

[Event "TAO25"]
[Site "?"]
[Date "2007.06.09"]
[Round "1"]
[White "Jones, Craig"]
[Black "Waddell, Bobby"]
[Result "1-0"]
[WhiteElo "2297"]
[BlackElo "1855"]
[Annotator "Fritz 9 (60s)"]
[PlyCount "41"]
[SourceDate "2006.11.11"]

{D35: Queen's Gambit Declined: Exchange Variation} 1. d4 d5 2. c4 e6 3. Nc3 Nf6
4. cxd5 exd5 5. Bg5 Be7 6. e3 O-O 7. Qc2 h6 8. Bh4 Re8 (8... c5 9. dxc5 Qa5 10.
Nf3 Nc6 11. Be2 Qxc5 12. Rd1 Be6 13. Nd4 Nxd4 14. exd4 Qc7 15. O-O Rfe8 16. Bf3
Nd7 17. Bxe7 Rxe7 18. Rfe1 Nf6 19. Re5 Rae8 20. Qd2 a6 21. Rde1 b5 22. a3 Qd6
23. Qe2 {Knaak,R (2495)-Zaitsev,I (2445)/Moscow 1982/MCL/1-0 (73)}) (8... c6 9.
Nf3 Ne4 10. Bxe7 Qxe7 11. Bd3 Nxc3 12. bxc3 b6 13. O-O c5 14. Rfe1 Bb7 15. e4
dxe4 16. Bxe4 Bxe4 17. Rxe4 Qc7 18. Qe2 Nd7 19. Re7 cxd4 20. cxd4 Qc3 21. Re1
Nf6 22. Qb5 Rfd8 23. h3 {
Mitov,B (2187)-Kosachki,V (2093)/Sofia 2004/CBM 100 ext/0-1 (48)}) 9. Bd3 Nbd7
$146 (9... c5 10. dxc5 (10. Nge2 cxd4 11. Nxd4 Nc6 12. Nxc6 bxc6 13. O-O Be6
14. Na4 Qa5 15. Rac1 c5 16. b3 Rac8 17. Nb2 Rc6 18. Bxf6 Bxf6 19. e4 c4 20.
exd5 Bxb2 21. Qxb2 c3 22. Qe2 Qxd5 23. Be4 Qc5 24. Bxc6 Qxc6 {
Hafner,O-Funk,P/Lauda 1986/GER/0-1 (38)}) 10... d4 11. O-O-O Nc6 12. Bb5 Nd5
13. Bxc6 bxc6 14. Bxe7 Rxe7 15. Rxd4 Qc7 16. Nf3 Be6 17. Nd2 Rb8 18. Nxd5 Bxd5
19. e4 Bxa2 20. g3 Be6 21. f4 f6 22. Re1 Qa5 23. Re3 Reb7 24. Ra3 {
Mertens,K (2160)-Schmidt,J (2035)/Seefeld 1997/EXT 2000/1/2-1/2}) (9... Nc6 10.
a3 Bd6 11. Nge2 a6 12. Nxd5 g5 13. Nxf6+ Qxf6 14. Bg3 Nxd4 15. exd4 Qxd4 16.
O-O {1-0 Gaspar,L-Frisch,G/Luxembourg 1992/EXT 2005}) 10. Nf3 b6 (10... c6 11.
a4 $14) 11. O-O (11. Bb5 c5 12. Bxf6 Bxf6 13. Nxd5 cxd4 $16) 11... c5 12. Bb5
Bb7 13. Ne5 (13. Bxf6 $142 Bxf6 14. Qa4 $16) 13... g5 $2 (13... Nxe5 $142 $5 {
is noteworthy} 14. Bxe8 Nxe8 15. Bxe7 Qxe7 16. dxe5 Qxe5 $11) 14. Bg3 (14. Nxd7
$5 Nxd7 15. Qf5 cxd4 16. exd4 Rf8 $18) 14... a6 $16 15. Bxd7 Nxd7 16. Nxf7 Kxf7
{Black wins a piece} 17. Qh7+ {White forks: f7+h6} Ke6 $4 (17... Kf8 $142 $14 {
would keep Black in the game}) 18. e4 $18 dxe4 (18... Nf6 19. exd5+ Bxd5 $18)
19. d5+ Bxd5 20. Nxd5 Kxd5 (20... Nf6 {is the last straw} 21. Nxf6 Bxf6 $18)
21. Qf5+ (21. Qf5+ Ne5 22. Rfd1+ Kc6 23. Qxe4+ Kc7 24. Bxe5+ Qd6 25. Rxd6 Bxd6
26. Bxd6+ Kd8 27. Be5 Re6 28. Rd1+ Ke8 29. Qxa8+ Kf7 30. Qb7+ Kg6 31. Qe4+ Kf7
32. Qh7+ Ke8 33. Rd7 Rxe5 34. Qf7#) 1-0

[Event "TAO 25"]
[Site "?"]
[Date "2007.06.09"]
[Round "3"]
[White "Newsom, Gary"]
[Black "Jones, Craig"]
[Result "0-1"]
[WhiteElo "1975"]
[BlackElo "2297"]
[Annotator "Fritz 9 (60s)"]
[PlyCount "53"]
[SourceDate "2006.11.11"]

{E13: Queen's Indian/Nimzo-Indian hybrid: 4 Nc3 Bb7 5 Bg5 h6 6 Bh4 Bb4} 1. d4
Nf6 2. c4 e6 3. Nc3 Bb4 4. Nf3 b6 5. Bg5 Bb7 6. e3 h6 7. Bh4 g5 8. Bg3 Ne4 9.
Qc2 c5 (9... d6 10. Bd3 f5 11. O-O-O Bxc3 12. bxc3 Nd7 13. Rhg1 Qf6 14. Nd2
Nxd2 15. Qxd2 O-O-O 16. f3 Kb8 17. e4 f4 18. Bf2 c5 19. Kb1 Rc8 20. Be2 Rhd8
21. h4 cxd4 22. cxd4 Ba6 23. Rc1 e5 24. d5 {
Caire,F (2038)-Lawson,E (2347)/Quebec 2004/EXT 2005/1/2-1/2 (61)}) 10. Bd3 f5
$146 (10... Bxc3+ 11. bxc3 Nxg3 12. fxg3 d6 13. O-O Nd7 14. Nd2 Qe7 15. a4 a5
16. Nb1 h5 17. Na3 g4 18. Nb5 Nf6 19. Qf2 Be4 20. Be2 Nh7 21. Qf4 Bg6 22. Nxd6+
Kf8 23. e4 Kg7 24. e5 Rhf8 25. Qe3 {
Williams,S (2288)-Lutton,J (2031)/London 2001/CBM 085 ext/1-0 (49)}) (10...
Nxg3 11. hxg3 Bxf3 12. gxf3 cxd4 13. exd4 $14) 11. O-O (11. O-O-O Nxg3 12. hxg3
g4 $16) 11... Bxc3 (11... Nxg3 12. fxg3 g4 13. Nh4 cxd4 14. exd4 $14) 12. bxc3
$16 Nxg3 13. fxg3 g4 14. Nh4 Qg5 15. Rae1 O-O 16. d5 (16. e4 Nc6 17. exf5 cxd4
$18) 16... Na6 17. e4 fxe4 18. Bxe4 Rxf1+ 19. Rxf1 Nc7 $4 (19... Rf8 20. Bh7+
Kg7 21. Rxf8 Kxf8 22. dxe6 dxe6 23. Ng6+ Kg7 24. Nf4 $11) 20. Bh7+ (20. Qf2
$142 {it becomes clear that White will call all the shots} Qg7 21. Qf4 $18)
20... Kg7 $16 21. Bg6 Qe3+ 22. Kh1 Rf8 23. Qd1 Qd2 24. Qb1 (24. Qxd2 $4 {
will give the opponent a chance to mate in 1} Rxf1#) 24... Rf2 $2 (24... Nxd5
$5 25. cxd5 Bxd5 $14) 25. Bh5 $18 Qc2 $4 {shortens the misery for Black} (25...
Qe3 $142 26. Rxf2 Qxf2 27. Qg6+ Kf8 $18) 26. Qe1 Rd2 (26... Qd2 {
the only chance to get some counterplay} 27. Qxf2 Qxf2 28. Rxf2 Nxd5 29. cxd5
Bxd5 30. Rf7+ Kg8 31. Rxd7 Bxa2 32. Rxa7 Bb3 $18) 27. Qe5+ 0-1

[Event "TAO 24"]
[Site "?"]
[Date "2007.05.12"]
[Round "1"]
[White "Blach, Noah"]
[Black "Hogue, Tanner"]
[Result "1/2-1/2"]
[WhiteElo "1791"]
[BlackElo "1624"]
[PlyCount "59"]
[SourceDate "2006.11.11"]

1. d4 Nf6 2. c4 e6 3. Nc3 Bb4 4. Bd2 Be7 5. Nf3 c5 6. e4 cxd4 7. Nxd4 Qb6 8.
Nb3 d6 9. Be2 a6 10. O-O Bd7 11. Rc1 Bc6 12. Be3 Qc7 13. Qd3 Nbd7 14. Bf4 O-O
15. Bf3 b6 16. Rfd1 e5 17. Nd5 Nxd5 18. cxd5 Nc5 19. Nxc5 Bb5 20. Qd2 bxc5 21.
Be3 Rab8 22. Be2 Bxe2 23. Qxe2 Qa5 24. b3 Ra8 25. Ra1 Rfb8 26. Bd2 Qb5 27. Qxb5
axb5 28. a3 Bd8 29. Rdb1 h6 30. g3 1/2-1/2

[Event "TAO 24"]
[Site "?"]
[Date "2007.05.12"]
[Round "1"]
[White "Holmes, Adam"]
[Black "Ivens, Ken"]
[Result "0-1"]
[WhiteElo "1959"]
[BlackElo "1759"]
[Annotator "Fritz 9 (60s)"]
[PlyCount "54"]
[SourceDate "2006.11.11"]

{B72: Sicilian Dragon: 6 Be3, lines with h3+Bc4 and sidelines} 1. e4 c5 2. Nf3
d6 3. d4 cxd4 4. Nxd4 Nf6 5. Nc3 g6 6. Be3 Bg7 7. Be2 Bd7 8. g4 $146 (8. f3 Nc6
(8... O-O 9. Qd2 a6 10. Bh6 b5 11. h4 Qb6 12. O-O-O Nc6 13. Nxc6 Bxc6 14. h5
Rfd8 15. Bxg7 Kxg7 16. hxg6 fxg6 17. Qh6+ Kf7 18. g4 Rh8 19. Nd5 Qc5 20. Qf4
Kg7 21. Nxe7 Rad8 22. g5 Ne8 23. Nd5 {
Nuber,B (1763)-Lobmeyer,F (1522)/Willingen 2004/EXT 2005/1-0}) 9. Qd2 Rc8 10.
O-O-O h5 11. Kb1 a6 12. Nd5 Nxd5 13. Nxc6 bxc6 14. exd5 c5 15. Bc4 Bb5 16. Qe2
Qa5 17. Rhe1 O-O 18. Bd2 Qb6 19. c3 Rb8 20. Bxb5 Rb7 21. a4 Rfb8 22. c4 axb5 {
Villegas Bohorquez,J-Bolivar,J/Colombia 1999/EXT 2002/1-0 (51)}) (8. f4 Nc6 9.
O-O e5 10. Ndb5 O-O 11. Nxd6 Qc7 12. fxe5 Nxe5 13. Kh1 Rfd8 14. Bf4 Neg4 15.
Nxf7 Qb6 16. Nxd8 Rxd8 17. Qe1 Bc6 18. h3 Nh6 19. Bxh6 Bxh6 20. Rxf6 Bg7 21.
Bc4+ Kh8 22. Rxg6 Qxb2 {Boszhard,L-Pothof,H/Hengelo 1994/EXT 2001/1-0}) (8. O-O
$5 $14) 8... h5 $11 9. g5 (9. gxh5 Nxh5 10. Qd2 Nc6 $11) 9... Ng4 $15 10. Bxg4
(10. Bc1 Qb6 11. Nd5 Qxd4 12. Qxd4 Bxd4 $17) 10... hxg4 $17 (10... Bxg4 $6 11.
Qd2 $11) 11. Nd5 Nc6 12. O-O $2 (12. Qd2 $5 $17) 12... Ne5 (12... Be5 13. Re1
$19) 13. f4 (13. Qe2 $142 $5 $19) 13... gxf3 14. Nxf3 (14. c3 Bg4 15. Rf2 Qd7
$19) 14... Bg4 15. Nxe5 (15. Qe2 Qd7 16. Nxe5 Bxe5 17. Qb5 Qxb5 18. Nc7+ Kd7
19. Nxb5 $19) 15... Bxd1 16. Nxf7 (16. Rxf7 {doesn't get the cat off the tree}
Bxe5 17. Rxe7+ Kf8 18. Rxd1 Qc8 19. Rf1+ Kg8 20. Rxe5 Qg4+ 21. Kh1 Qh3 22. Nf6+
Kf7 23. Re7+ Kxe7 $19) 16... Qd7 17. Nxh8 Qg4+ 18. Kf2 Bf3 19. Rg1 Qxe4 20.
Nc7+ (20. Nxg6 {does not win a prize} Qxd5 21. Nf4 Qc6 $19) 20... Kd7 21. Nxa8
Bh5 22. Rg3 Be5 23. Rh3 (23. Bxa7 {a last effort to resist the inevitable}
Bxg3+ 24. hxg3 Qf3+ 25. Kg1 Qxg3+ 26. Kf1 Qh3+ 27. Ke1 Qh1+ 28. Kd2 Qxa1 29.
Nb6+ Ke6 30. Na4 Qxa2 31. b3 $19) 23... Bg4 (23... Qf5+ 24. Kg2 Qg4+ 25. Rg3
Bxg3 26. hxg3 Qf3+ 27. Kh2 Qe2+ 28. Bf2 Qxf2+ 29. Kh3 Bf3 30. Nb6+ axb6 31. Rg1
Qxg1 32. g4 Qxg4+ 33. Kh2 Qg2#) 24. Rh7 Qf3+ 25. Kg1 Qxe3+ 26. Kh1 (26. Kg2 {
cannot change what is in store for ?} Qf3+ 27. Kg1 Bd4#) 26... Qf3+ (26... Bf3#
) 27. Kg1 Bd4# 0-1

[Event "TAO 24"]
[Site "?"]
[Date "2007.05.12"]
[Round "?"]
[White "Zilberter, Lev"]
[Black "Parrish, Jacob"]
[Result "1-0"]
[WhiteElo "1841"]
[BlackElo "1915"]
[Annotator "Fritz 9 (45s)"]
[PlyCount "39"]
[SourceDate "2006.11.11"]

{B23: Closed Sicilian: Lines without g3} 1. e4 c5 2. Nc3 Nc6 3. f4 d6 4. Nf3 g6
5. Bb5 Bg7 6. O-O Bg4 (6... a6 7. Bxc6+ bxc6 8. d3 Nf6 9. Qe1 O-O 10. Bd2 Ne8
11. Qh4 Rb8 12. b3 Nc7 13. Rae1 Nb5 14. Nd1 e6 15. Qh3 Nd4 16. Nxd4 cxd4 17. e5
a5 18. Nf2 Rb5 19. Re2 dxe5 20. a4 Rd5 21. fxe5 {
Szell,L (2435)-Georgiev,K (2415)/Zamardi 1978/EXT 98/0-1 (53)} Bxe5 22. Rxe5
Rxe5 23. Ng4 Rh5 24. Nf6+ Qxf6 25. Rxf6 Rxh3 26. gxh3 Kg7 27. Rf1 Rd8 28. Bxa5
Rd5 29. Bb6 Rg5+ 30. Kf2 e5 31. Re1 Bxh3 32. a5 Bc8 33. c4 dxc3 34. Rc1 Rf5+
35. Ke3 Bb7 36. Rxc3 {
Szell,L (2435)-Georgiev,K (2415)/Zamardi 1978/EXT 98/0-1 (53)} Rh5 37. Rc2 Rh3+
38. Kd2 Rxh2+ 39. Kc3 Rxc2+ 40. Kxc2 Kf6 41. Kc3 Ba6 42. d4 h5 43. Kb4 e4 44.
d5 cxd5 45. Bf2 g5 46. Kc5 h4 47. b4 h3 48. Bg3 e3 49. b5 Bc8 50. a6 e2 51. Kb6
{Szell,L (2435)-Georgiev,K (2415)/Zamardi 1978/EXT 98/0-1 (53)}) 7. Bxc6+ $146
(7. d3 Nf6 (7... a6 8. Bxc6+ bxc6 9. h3 Bd7 10. Qe1 e6 11. Be3 Qb6 12. Rb1 Qa5
13. Qf2 Ne7 14. e5 Nf5 15. exd6 Nxe3 16. Qxe3 O-O 17. Ne5 Rfd8 18. a3 Be8 19.
b4 Qxa3 20. Rb3 {
1-0 Semenova,L (2257)-Shliahtich,G (2250)/Alushta 2002/EXT 2003}) 8. Qe1 O-O 9.
Bxc6 bxc6 10. Qh4 Bxf3 11. Rxf3 e6 12. f5 Nh5 13. Qh3 exf5 14. exf5 Qe7 15. Bd2
Nf6 16. Re1 Qd7 17. Bh6 Rae8 18. Ref1 d5 19. Qh4 d4 20. Ne4 Nxe4 21. dxe4 Qe7 {
Fogarasi,N (2162)-Brana,C/Dos Hermanas 2003/EXT 2004/1-0 (31)} 22. f6 Bxf6 23.
Rxf6 Qxe4 24. Qxe4 Rxe4 25. Bxf8 Kxf8 26. Rxf7+ Ke8 27. Rxh7 Re2 28. Rff7 Rxc2
29. Rxa7 Rc1+ 30. Kf2 Rc2+ 31. Kg3 {
1-0 Fogarasi,N (2162)-Brana,C/Dos Hermanas 2003/EXT 2004 (31)}) (7. Qe1 Bxf3 8.
Rxf3 e6 9. d3 Nge7 10. f5 Bd4+ 11. Kh1 Qd7 12. fxe6 fxe6 13. Bg5 a6 14. Bxc6
Nxc6 15. Qe2 Bg7 16. Rf2 h6 17. Bf6 h5 18. Raf1 Rg8 19. h3 Bxf6 20. Rxf6 Ne5
21. Nd1 O-O-O {
Kierzek,M (2028)-Gruenenwald,E (2038)/Istanbul 2000/EXT 2001/1/2-1/2 (31)} 22.
a3 Qe7 23. Qf2 g5 24. Ne3 g4 25. Qf4 gxh3 26. gxh3 Rg7 27. Kh2 Rdg8 28. Rf8+
Kc7 29. Rxg8 Rxg8 30. Rf2 Rg7 31. Qf6 Kd7 {
1/2-1/2 Kierzek,M (2028)-Gruenenwald,E (2038)/Istanbul 2000/EXT 2001 (31)})
7... bxc6 {Black has the pair of bishops} 8. Qe1 Nf6 9. d3 Bxf3 10. Rxf3 Rb8
11. e5 {White gets more space} Ng4 12. h3 {
White threatens to win material: h3xg4.} Nh6 13. g4 {White plans f5} O-O 14. f5
{White wins space} Kh8 $4 (14... dxe5 $142 {had to be tried to avoid defeat}
15. Kg2 f6 $11) (14... dxe5 $142 {saving the game} 15. Kh2 c4 $15) 15. f6 $1
$18 {a convincing end. the final nail in the coffin} exf6 (15... Bxf6 16. exf6)
16. exf6 Re8 $4 {
a blunder in a bad position. Black crumbles in face of a dire situation} (16...
Bxf6 $142 17. Bxh6 Bd4+ 18. Kh1 Re8 $18) (16... Bxf6 17. Bxh6 Re8 $18) 17. Qh4
(17. fxg7+ $142 {might be the shorter path} Kxg7 18. Ne4 d5 19. Qc3+ d4 20.
Qxc5 Ng8 $18) (17. fxg7+ $142 $5 {makes it even easier for White} Kxg7 18. Ne4
Rxe4 19. dxe4 Ng8 20. Qc3+ f6 $18) 17... Bf8 18. Bxh6 Rxb2 (18... Re5 {
is still a small chance} 19. Ne4 Rxb2 $18) (18... Re5 {
there is nothing else anyway} 19. Ne4 c4 $18) 19. Bxf8 Rxf8 20. Ne4 (20. Ne4
Qd7 21. Qh6 Qxg4+ 22. hxg4 Rb1+ 23. Rxb1 Rg8 24. Nxd6 c4 25. Nxf7#) (20. Ne4 a5
21. Qh6 Rb1+ 22. Rxb1 Rg8 23. Ng5 Qxf6 24. Qxh7#) 1-0